| 000 | 00573nam a2200181 4500 | ||
|---|---|---|---|
| 001 | 113311 | ||
| 003 | ES-MaACL | ||
| 005 | 20230906185836.0 | ||
| 007 | t| | ||
| 008 | 061121s1944 ag r ||||1| spa d | ||
| 100 | 1 |
_aPalacios, Alfredo L. _988387 |
|
| 245 | 1 | 3 |
_aLa fatiga y sus proyecciones sociales / _cAlfredo L. Palacios ; prólogo del Dr. Carlos N. Caminos. |
| 250 | _a4ª ed. | ||
| 260 |
_aBuenos Aires : _bClaridad, _c1944. |
||
| 300 |
_a316, VIII p., 43 lám. : _bil. ; _c20 cm. |
||
| 700 | 1 |
_aCaminos, Carlos N. _934084 |
|
| 852 |
_aES-MaACL _jB-10782 _bR.22173 |
||
| 999 |
_c113311 _d113311 |
||